Best US Universities for Computer Science - Statistics

General Stats
  • This quiz has been taken 606 times
    57 since last reset
  • The average score is 31 of 50
Answer Stats
# School % Correct
2 Berkeley
94%
19 Harvard
94%
1 MIT
87%
2 Stanford
87%
27 Brown
85%
21 Yale
85%
16 Penn
83%
16 UCLA
83%
13 Columbia
79%
7 Princeton
79%
12 Cal Tech
77%
7 Texas
77%
45 Florida
73%
6 Georgia Tech
73%
7 Cornell
71%
45 Dartmouth
71%
27 NYU
71%
2 Carnegie Mellon
69%
7 Washington
69%
27 Chicago
65%
25 Duke
65%
5 Illinois
65%
27 North Carolina
65%
11 Michigan
63%
27 Northwestern
62%
13 UCSD
58%
21 USC
58%
45 Vanderbilt
58%
35 Virginia
58%
21 Johns Hopkins
56%
25 Rice
56%
16 Maryland
54%
13 Wisconsin
54%
39 Colorado
52%
35 Ohio State
52%
27 UC Santa Barbara
52%
35 Virginia Tech
52%
45 Boston University
50%
39 Penn State
48%
39 UC Davis
46%
27 UC Irvine
46%
35 Minnesota
44%
44 Rutgers
44%
27 Northeastern
42%
19 Purdue
42%
39 Texas A&M
42%
39 Arizona State
40%
21 Massachusetts
38%
45 Washington (St. Louis)
29%
45 Stony Brook
21%
No matching quizzes found
Score Distribution
Percent of People with Each Score
Percentile by Number Answered
Your Score History
You have not taken this quiz since the last reset